[Event "Pavlodar op"]
[Site "Pavlodar"]
[Date "2016.11.23"]
[Round "4"]
[White "Nyshanbayev, B."]
[Black "Markov, Mikhail2222"]
[Result "1/2-1/2"]
[WhiteElo "2182"]
[BlackElo "2430"]
[PlyCount "62"]
[EventDate "2016.11.21"]
[EventType "swiss"]
[EventRounds "10"]
[EventCountry "KAZ"]
[SourceTitle "EXT 2018"]
[Source "ChessBase"]
[SourceDate "2017.10.13"]
[SourceVersion "1"]
[SourceVersionDate "2017.10.13"]
[SourceQuality "1"]

1. d4 Nf6 2. Nf3 e6 3. Bg5 c5 4. c3 Nc6 5. e3 Be7 6. h3 0-0 7. Nbd2 d5 8. Bd3 b6 9. 0-0 Qc7 10. Qe2 Rd8 11. Rfd1 Bb7 12. Rac1 e5 13. dxe5 Nxe5 14. Bf4 Bd6 15. Nxe5 Bxe5 16. Bxe5 Qxe5 17. Nf3 Qe7 18. Ba6 Bxa6 19. Qxa6 Rd6 20. b4 Ne4 21. Nd2 Rg6 22. Nxe4 Qxe4 23. g3 Qe6 24. Qb7 Rd8 25. Qc7 Re8 26. h4 h6 27. bxc5 Rc8 28. Qxa7 bxc5 29. Qb7 Rc6 30. c4 Rxg3+ 31. fxg3 Qxe3+ 1/2-1/2

[Event "Pavlodar op"]
[Site "Pavlodar"]
[Date "2014.12.07"]
[Round "7"]
[White "Nugumanov, Bakhtiyar"]
[Black "Nyshanbayev, B."]
[Result "1/2-1/2"]
[WhiteElo "2296"]
[BlackElo "2150"]
[PlyCount "96"]
[EventDate "2014.12.01"]
[EventType "swiss"]
[EventRounds "9"]
[EventCountry "KAZ"]
[SourceTitle "EXT 2016"]
[Source "ChessBase"]
[SourceDate "2015.10.08"]
[SourceVersion "1"]
[SourceVersionDate "2015.10.08"]
[SourceQuality "1"]

1. e4 d6 2. f4 e5 3. Nf3 exf4 4. Bc4 h6 5. 0-0 g5 6. d4 Bg7 7. Nc3 Nc6 8. Nd5 Bg4 9. c3 Qd7 10. b4 Nge7 11. g3 fxg3 12. hxg3 0-0-0 13. Ne3 Bh3 14. Rf2 f5 15. b5 Na5 16. Bd3 fxe4 17. Bxe4 d5 18. Bd3 b6 19. Ba3 Nb7 20. Bxe7 Qxe7 21. Bf5+ Bxf5 22. Nxf5 Qd7 23. Nxg7 Qxg7 24. Ne5 Nd6 25. Qa4 Rde8 26. Re1 Kb7 27. Qa6+ Ka8 28. Ref1 Rhf8 29. Qa4 Rxf2 30. Rxf2 Rf8 31. Qb3 Nc4 32. Nxc4 dxc4 33. Qxc4 Rxf2 34. Qd5+ Kb8 35. Kxf2 Qf8+ 36. Ke2 Qe8+ 37. Kd3 Qe1 38. Qe5 Qb1+ 39. Ke3 Qxa2 40. Qe8+ Kb7 41. Qc6+ Kb8 42. Qxh6 Qb2 43. Qf6 Kb7 44. Qf3+ Kb8 45. Qc6 Qc1+ 46. Kf2 Qd2+ 47. Kf3 Qd1+ 48. Kf2 Qd2+ 1/2-1/2

[Event "Pavlodar op"]
[Site "Pavlodar"]
[Date "2014.12.04"]
[Round "5"]
[White "Kydyrgaliyev, Meiirman"]
[Black "Nyshanbayev, B."]
[Result "0-1"]
[WhiteElo "1799"]
[BlackElo "2150"]
[PlyCount "58"]
[EventDate "2014.12.01"]
[EventType "swiss"]
[EventRounds "9"]
[EventCountry "KAZ"]
[SourceTitle "EXT 2016"]
[Source "ChessBase"]
[SourceDate "2015.10.08"]
[SourceVersion "1"]
[SourceVersionDate "2015.10.08"]
[SourceQuality "1"]

1. e4 d6 2. d4 Nf6 3. Nc3 e5 4. Nf3 exd4 5. Nxd4 Be7 6. Bc4 0-0 7. 0-0 Nxe4 8. Nxe4 d5 9. Bd3 dxe4 10. Bxe4 Nd7 11. Nf5 Bf6 12. Qh5 g6 13. Nh6+ Kg7 14. Qe2 Bg5 15. f4 Bxh6 16. g4 Kg8 17. g5 Bg7 18. f5 Nc5 19. f6 Qd4+ 20. Be3 Qxe4 21. fxg7 Kxg7 22. Rae1 Qh4 23. Qf3 Kg8 24. Bd2 Bf5 25. Re5 Ne4 26. Be3 Nxg5 27. Qg2 h6 28. Rfxf5 gxf5 29. Bf2 Qh3 0-1

[Event "Pavlodar op"]
[Site "Pavlodar"]
[Date "2013.12.13"]
[Round "5"]
[White "Vokarev, Sergey"]
[Black "Nyshanbayev, B."]
[Result "1-0"]
[WhiteElo "2464"]
[BlackElo "2147"]
[PlyCount "49"]
[EventDate "2013.12.10"]
[EventType "swiss"]
[EventRounds "10"]
[EventCountry "KAZ"]
[SourceTitle "CBM 158 Extra"]
[Source "ChessBase"]
[SourceDate "2014.02.28"]
[SourceVersion "1"]
[SourceVersionDate "2014.02.28"]
[SourceQuality "1"]

1. e4 d6 2. d4 Nf6 3. Nc3 e5 4. Nf3 Nbd7 5. Bc4 Be7 6. 0-0 0-0 7. Re1 c6 8. a4 a5 9. Ba2 exd4 10. Nxd4 Nc5 11. h3 Be6 12. Qf3 Qb6 13. Nf5 Rfe8 14. Nxe7+ Rxe7 15. Bg5 Bxa2 16. Bxf6 gxf6 17. Rxa2 Re6 18. Qg4+ Kh8 19. Qh5 Qc7 20. Re3 Qe7 21. Rg3 Nxe4 22. Nxe4 Rxe4 23. Qh6 Rg8 24. Rxg8+ Kxg8 25. Ra3 1-0

[Event "Pavlodar op"]
[Site "Pavlodar"]
[Date "2010.12.08"]
[Round "9"]
[White "Kozganbay, Erkin"]
[Black "Nyshanbayev, B."]
[Result "1-0"]
[WhiteElo "2168"]
[BlackElo "1993"]
[PlyCount "66"]
[EventDate "2010.11.30"]
[EventType "swiss"]
[EventRounds "10"]
[EventCountry "KAZ"]
[SourceTitle "EXT 2012"]
[Source "ChessBase"]
[SourceDate "2011.11.24"]
[SourceVersion "1"]
[SourceVersionDate "2011.11.24"]
[SourceQuality "1"]

1. e4 c5 2. Nf3 Nf6 3. Nc3 Nc6 4. d4 d5 5. exd5 Nxd5 6. Bb5 cxd4 7. Qxd4 Nxc3 8. Qxc3 Bd7 9. Be3 e6 10. 0-0-0 Qc7 11. Ne5 a6 12. Ba4 Rd8 13. Bxc6 bxc6 14. Bc5 f6 15. Bxf8 Kxf8 16. Qc5+ Ke8 17. Nc4 Kf7 18. Rd6 Rb8 19. Rhd1 Rhd8 20. Qa5 Qa7 21. g4 Ke7 22. R1d2 Ke8 23. g5 Rb5 24. Rxe6+ Bxe6 25. Qxd8+ Kf7 26. Nd6+ Kg6 27. Qe8+ Bf7 28. Qe4+ Kxg5 29. Nxb5 axb5 30. a3 Qc7 31. Qxh7 Qe5 32. h4+ Kg4 33. Qxg7+ Kxh4 1-0

[Event "Pavlodar op"]
[Site "Pavlodar"]
[Date "2010.12.06"]
[Round "7"]
[White "Nyshanbayev, B."]
[Black "Nugumanov, Bakhtiyar"]
[Result "1/2-1/2"]
[WhiteElo "1993"]
[BlackElo "2227"]
[PlyCount "50"]
[EventDate "2010.11.30"]
[EventType "swiss"]
[EventRounds "10"]
[EventCountry "KAZ"]
[SourceTitle "EXT 2012"]
[Source "ChessBase"]
[SourceDate "2011.11.24"]
[SourceVersion "1"]
[SourceVersionDate "2011.11.24"]
[SourceQuality "1"]

1. c4 Nf6 2. Nc3 e5 3. Nf3 Nc6 4. g3 Bb4 5. Bg2 0-0 6. 0-0 e4 7. Ng5 Bxc3 8. bxc3 Re8 9. f3 e3 10. d3 d5 11. Qb3 h6 12. cxd5 Nxd5 13. f4 Nce7 14. Ne4 f5 15. Nc5 Kh7 16. Bf3 a5 17. d4 b6 18. Nd3 a4 19. Qb2 Ba6 20. Ne5 b5 21. Qc2 Qd6 22. Qd3 Kg8 23. Bxe3 Rab8 24. Bf2 Nf6 25. Rfc1 Red8 1/2-1/2

[Event "Pavlodar op"]
[Site "Pavlodar"]
[Date "2010.12.04"]
[Round "5"]
[White "Nukin, Ashat"]
[Black "Nyshanbayev, B."]
[Result "1-0"]
[WhiteElo "2338"]
[BlackElo "1993"]
[PlyCount "91"]
[EventDate "2010.11.30"]
[EventType "swiss"]
[EventRounds "10"]
[EventCountry "KAZ"]
[SourceTitle "EXT 2012"]
[Source "ChessBase"]
[SourceDate "2011.11.24"]
[SourceVersion "1"]
[SourceVersionDate "2011.11.24"]
[SourceQuality "1"]

1. e4 d6 2. d4 Nf6 3. Nc3 e5 4. Nf3 Nbd7 5. Bc4 Be7 6. 0-0 0-0 7. Re1 a6 8. a4 b6 9. b3 Bb7 10. Bb2 c6 11. Bf1 Qc7 12. g3 Rfe8 13. Bg2 Rad8 14. Qd2 b5 15. Rad1 b4 16. Nb1 c5 17. d5 a5 18. Bf1 Nb6 19. c3 Nxe4 20. Rxe4 Bxd5 21. Qxd5 Nxd5 22. Rxd5 f5 23. Re1 Rb8 24. Bc4 Kf8 25. Nfd2 Bf6 26. cxb4 cxb4 27. Nf1 f4 28. Nbd2 g5 29. Ne4 Be7 30. Nfd2 Rec8 31. Nf3 h6 32. Nxe5 dxe5 33. Rxe5 Rb6 34. Rf5+ Ke8 35. Nf6+ Kd8 36. Nd5 Qd7 37. Nxe7 Rxc4 38. bxc4 Re6 39. Rxe6 Qxe6 40. Rd5+ Kc7 41. Be5+ Kb7 42. Rb5+ Ka7 43. Rc5 f3 44. Rc7+ Ka8 45. Nc6 Qh3 46. Ra7# 1-0

[Event "Anapa op"]
[Site "Anapa"]
[Date "2009.09.06"]
[Round "7"]
[White "Nyshanbayev, B."]
[Black "Karamanov, Dmitry"]
[Result "1/2-1/2"]
[WhiteElo "1993"]
[BlackElo "2199"]
[PlyCount "139"]
[EventDate "2009.08.31"]
[EventType "swiss"]
[EventRounds "9"]
[EventCountry "RUS"]
[SourceTitle "CBM 132 Extra"]
[Source "ChessBase"]
[SourceDate "2009.11.03"]
[SourceVersion "1"]
[SourceVersionDate "2009.11.03"]
[SourceQuality "1"]

1. c4 Nf6 2. Nc3 d6 3. Nf3 e5 4. e4 Be7 5. d4 Nbd7 6. Be2 c6 7. 0-0 0-0 8. a3 a6 9. b4 exd4 10. Qxd4 Re8 11. Bf4 Nf8 12. Rfd1 Ne6 13. Qd2 Nxf4 14. Qxf4 Be6 15. Rac1 Qb8 16. h3 Bf8 17. Nd4 d5 18. Qxb8 Raxb8 19. exd5 cxd5 20. Nxe6 fxe6 21. cxd5 exd5 22. Bf3 a5 23. Nxd5 Nxd5 24. Bxd5+ Kh8 25. Rb1 axb4 26. axb4 b6 27. Rd4 g6 28. Bc6 Red8 29. Rbd1 Rxd4 30. Rxd4 Rc8 31. b5 Bc5 32. Rd2 Rf8 33. Kf1 Kg7 34. f3 Rf4 35. Rd7+ Rf7 36. Rd8 Rf8 37. Rd7+ Rf7 38. Rd2 Ra7 39. Ke2 Kf6 40. Kd3 Ke5 41. Re2+ Kd6 42. Re8 Ra3+ 43. Kc4 Ra4+ 44. Kb3 Ra3+ 45. Kb2 Ra7 46. Be4 Kd7 47. Bc6+ Kd6 48. h4 Re7 49. Rd8+ Kc7 50. Rd2 Bb4 51. Rd5 Bd6 52. Kc3 Re2 53. g4 Re5 54. Rd1 Re3+ 55. Kc4 Re7 56. Ra1 Bg3 57. h5 gxh5 58. gxh5 Kd6 59. Rg1 Bf4 60. Be4 Ke5 61. Rg8 Rc7+ 62. Bc6 Kf6 63. Kd5 Re7 64. Rg4 Be3 65. Re4 Rxe4 66. fxe4 h6 67. e5+ Ke7 68. Ke4 Bd2 69. Bd5 Bc1 70. Bg8 1/2-1/2

[Event "Anapa op"]
[Site "Anapa"]
[Date "2009.09.05"]
[Round "6"]
[White "Ivanov, Victor L"]
[Black "Nyshanbayev, B."]
[Result "1-0"]
[WhiteElo "2494"]
[BlackElo "1993"]
[PlyCount "57"]
[EventDate "2009.08.31"]
[EventType "swiss"]
[EventRounds "9"]
[EventCountry "RUS"]
[SourceTitle "CBM 132 Extra"]
[Source "ChessBase"]
[SourceDate "2009.11.03"]
[SourceVersion "1"]
[SourceVersionDate "2009.11.03"]
[SourceQuality "1"]

1. e4 Nf6 2. e5 Nd5 3. d4 d6 4. Nf3 Bg4 5. Be2 e6 6. 0-0 Be7 7. h3 Bh5 8. c4 Nb6 9. Nc3 0-0 10. Be3 N8d7 11. exd6 cxd6 12. b3 f5 13. Qd2 Nf6 14. Ng5 Qd7 15. d5 e5 16. Ne6 Rfe8 17. f4 e4 18. Bxh5 Nxh5 19. g4 Nf6 20. gxf5 Kh8 21. Qg2 Rg8 22. Nxe4 g6 23. N4g5 h6 24. Kh2 gxf5 25. Qc2 hxg5 26. fxg5 Rg6 27. Qxf5 Kh7 28. gxf6 Bxf6 29. Qh5+ 1-0

[Event "Alushta September-A"]
[Site "Alushta"]
[Date "2009.09.??"]
[Round "8"]
[White "Nyshanbayev, B."]
[Black "Belikov, Vladimir"]
[Result "0-1"]
[WhiteElo "1993"]
[BlackElo "2502"]
[PlyCount "84"]
[EventDate "2009.09.??"]
[EventType "tourn"]
[EventRounds "11"]
[EventCountry "UKR"]
[EventCategory "6"]
[SourceTitle "CBM 132 Extra"]
[Source "ChessBase"]
[SourceDate "2009.11.03"]
[SourceVersion "1"]
[SourceVersionDate "2009.11.03"]
[SourceQuality "1"]

1. Nf3 Nf6 2. c4 e6 3. Nc3 c5 4. g3 d5 5. cxd5 exd5 6. d4 Nc6 7. Bg2 c4 8. 0-0 Be7 9. Ne5 0-0 10. e4 dxe4 11. Nxc6 bxc6 12. Nxe4 Bf5 13. Re1 Rb8 14. Nc3 Nd5 15. Nxd5 cxd5 16. b3 Bb4 17. Re5 Be6 18. a3 Bc3 19. Rb1 Qb6 20. Be3 cxb3 21. Bxd5 Bxd5 22. Rxd5 b2 23. Qd3 Rfc8 24. Bf4 Ra8 25. Bd6 Bxd4 26. Bf4 Bf6 27. Rd6 Rd8 28. Rxf6 Qxf6 29. Qb5 Qc3 30. Qxb2 Rd1+ 31. Kg2 Qc6+ 32. f3 Rxb1 33. Qxb1 Re8 34. Qd3 h6 35. h4 Qe6 36. g4 a6 37. h5 Rf8 38. Kf2 Re8 39. Qd2 Qc4 40. Be3 Qb3 41. Bc5 Rc8 42. g5 hxg5 0-1

[Event "Alushta September-A"]
[Site "Alushta"]
[Date "2009.09.??"]
[Round "1"]
[White "Nyshanbayev, B."]
[Black "Diulger, Alexey"]
[Result "0-1"]
[WhiteElo "1993"]
[BlackElo "2374"]
[PlyCount "84"]
[EventDate "2009.09.??"]
[EventType "tourn"]
[EventRounds "11"]
[EventCountry "UKR"]
[EventCategory "6"]
[SourceTitle "CBM 132 Extra"]
[Source "ChessBase"]
[SourceDate "2009.11.03"]
[SourceVersion "1"]
[SourceVersionDate "2009.11.03"]
[SourceQuality "1"]

1. c4 e6 2. Nc3 d5 3. d4 c6 4. e3 Bd6 5. Nf3 f5 6. g3 Nf6 7. Bg2 Nbd7 8. 0-0 0-0 9. b3 Qe7 10. Bb2 Ne4 11. Ne2 g5 12. Ne5 g4 13. Bxe4 dxe4 14. Nxd7 Bxd7 15. c5 Bc7 16. b4 b6 17. Qb3 bxc5 18. bxc5 Rab8 19. Qc3 Rb5 20. d5 exd5 21. Qh8+ Kf7 22. Qxh7+ Ke8 23. Qxe7+ Kxe7 24. Bd4 Ba5 25. Kg2 Rfb8 26. Rh1 Bc7 27. h3 f4 28. gxf4 gxh3+ 29. Kh2 Bg4 30. Ng1 Ke6 31. Nxh3 Kf5 32. Rhg1 Bd8 33. Ng5 Bxg5 34. fxg5 Kxg5 35. Rg3 Rb1 36. Rg1 R1b7 37. Be5 Rf8 38. Bf4+ Rxf4 39. exf4+ Kxf4 40. Kg2 d4 41. Rac1 d3 42. Rc4 Bf3+ 0-1

[Event "Alushta September-A"]
[Site "Alushta"]
[Date "2009.09.??"]
[Round "9"]
[White "Shtyrenkov, Veniamen"]
[Black "Nyshanbayev, B."]
[Result "1-0"]
[WhiteElo "2364"]
[BlackElo "1993"]
[PlyCount "79"]
[EventDate "2009.09.??"]
[EventType "tourn"]
[EventRounds "11"]
[EventCountry "UKR"]
[EventCategory "6"]
[SourceTitle "CBM 132 Extra"]
[Source "ChessBase"]
[SourceDate "2009.11.03"]
[SourceVersion "1"]
[SourceVersionDate "2009.11.03"]
[SourceQuality "1"]

1. d4 f5 2. g3 e6 3. c4 Nf6 4. Bg2 c6 5. b3 d5 6. Nf3 Bd6 7. 0-0 Qe7 8. Ne5 b6 9. cxd5 exd5 10. Bb2 Bb7 11. Qc2 g6 12. Nd2 0-0 13. Rac1 c5 14. Ndf3 Na6 15. Qb1 Ne4 16. Rfd1 Rac8 17. e3 Qe6 18. Bf1 Nc7 19. Ba1 Ne8 20. dxc5 bxc5 21. Nd3 N8f6 22. Qb2 g5 23. b4 c4 24. Nc5 Bxc5 25. bxc5 Rc7 26. Nd4 Qd7 27. Nf3 c3 28. Qb4 Rxc5 29. Bxc3 Nxc3 30. Qxc5 Nxd1 31. Rxd1 Ne4 32. Qd4 Qg7 33. Rc1 Qxd4 34. Nxd4 Rf7 35. Bd3 Kg7 36. f3 Nd6 37. Kf2 Kf6 38. Rc5 g4 39. Ra5 Ba8 40. Ra6 1-0

[Event "Anapa op"]
[Site "Anapa"]
[Date "2009.08.31"]
[Round "1"]
[White "Matsenko, Sergei"]
[Black "Nyshanbayev, B."]
[Result "1-0"]
[WhiteElo "2432"]
[BlackElo "1993"]
[PlyCount "67"]
[EventDate "2009.08.31"]
[EventType "swiss"]
[EventRounds "9"]
[EventCountry "RUS"]
[SourceTitle "CBM 132 Extra"]
[Source "ChessBase"]
[SourceDate "2009.11.03"]
[SourceVersion "1"]
[SourceVersionDate "2009.11.03"]
[SourceQuality "1"]

1. e4 Nf6 2. e5 Nd5 3. d4 d6 4. c4 Nb6 5. exd6 cxd6 6. Nc3 g6 7. a4 d5 8. cxd5 Nxd5 9. Qb3 Nxc3 10. Bc4 e6 11. bxc3 Bg7 12. Ba3 Nc6 13. Nf3 Ne7 14. 0-0 0-0 15. Rfe1 Re8 16. Ne5 Nc6 17. Bb5 Bd7 18. Rad1 Qc7 19. Nxd7 Qxd7 20. h3 a6 21. Be2 Rac8 22. Bc5 Bf8 23. Bb6 Bd6 24. d5 Nb8 25. Bg4 f5 26. dxe6 Qe7 27. Bf3 Nc6 28. Qd5 Bc7 29. Bc5 Qf6 30. e7+ Kg7 31. Re6 Qf7 32. Rde1 Ba5 33. Qb3 b6 34. Bd5 1-0